000 00279nam a22001217a 4500
020 _a0-06-029323-3
082 _a823
_bBAU/W
100 _aBAUN, L FRANK
245 _aTHE WONDERFUL WIZARD OF OZ
260 _aUSA
_bHARPER COLLINS
650 _aENGLISH SHORT STORY
_zUSA
942 _cBK
999 _c3036
_d3036